[Event "ISL-ch playoff"]
[Site "Reykjavik"]
[Date "1995.??.??"]
[Round "5"]
[White "Stefansson, Hannes"]
[Black "Hjartarson, Johann"]
[Result "1/2-1/2"]
[WhiteElo "2520"]
[BlackElo "2570"]
[Annotator "Hjartarson,J"]
[PlyCount "141"]
[EventDate "1995.??.??"]
[EventType "match"]
[EventRounds "6"]
[EventCountry "ISL"]
[SourceTitle "CBM 051"]
[Source "ChessBase"]
[SourceDate "1996.04.01"]
[SourceVersion "1"]
[SourceVersionDate "1996.04.01"]
[SourceQuality "1"]

1. e4 {Fritz} c5 2. Nf3 d6 3. d4 cxd4 4. Nxd4 Nf6 5. Nc3 a6 6. f4 e6 7. Bd3 b5
$1 8. O-O Bb7 9. a3 Nbd7 10. Kh1 Be7 11. Qe1 (11. b4 $6 O-O 12. Bb2 Rc8 13. Qe2
Nb6 $15 {Adams,M-Anand,W/Hilversum /1993}) 11... Nc5 12. Nf3 O-O 13. b4 Nxd3
14. cxd3 Rc8 (14... Nd7 $6 15. Be3 Bf6 16. Rc1 Rc8 17. Nd4 $14 {Los-Rashkovsky,
Groningen 1990}) 15. Be3 $146 (15. Bb2 Qb6 16. Nd1 Nd7 $10 {Kalinin,
M-Pieniazek,A/Cuxhaven 1993}) 15... d5 $1 16. e5 d4 17. Nxd4 Ng4 18. Rc1 (18.
Bg1 {Fritz} Nxh2 $1 19. Kxh2 Rxc3 20. Qxc3 $2 Bxb4 21. axb4 Qh4#) 18... a5 $1
$44 19. h3 (19. Ncxb5 Qd5 20. Rg1 Bh4 $1 21. Qxh4 Nxe3 $17) 19... Nxe3 20. Qxe3
axb4 21. axb4 Bxb4 22. Ncxb5 Qd5 $6 (22... Bc5 $1 $44 23. Rxc5 $140 $2 Rxc5 24.
Nd6 Qa8 $1 25. Nxb7 Qxb7 26. Nxe6 $2 Rc2 $19) 23. Qe2 Ba6 24. Rc4 Bc5 25. Rb1
g6 26. Ra4 Bb7 27. Nf3 Rfd8 28. Nbd4 Qd7 29. Rba1 Bxd4 (29... Bxf3 30. Nxf3
Qxd3 $10) 30. Nxd4 Rc3 $2 (30... Rc1+ 31. Rxc1 Qxa4 32. Nf3 Qxf4 33. Rf1 $10)
31. Rb4 Qc8 32. Qe3 $14 Rd7 33. Rab1 Qa8 34. Kh2 Rc8 35. R1b2 (35. f5 $5 exf5
36. e6 $40) 35... Bd5 $138 36. Nb5 $16 Rb7 37. Qd2 Qa1 38. Rb1 Qa5 39. Nd6 Rxb4
40. Nxc8 Rb5 41. Qxa5 Rxa5 42. Nb6 (42. Rb8 Kg7 43. Ne7 Ra8 44. Rxa8 Bxa8 45.
Nc8 $16) 42... Kg7 43. Rb2 h6 44. g4 Rc5 45. d4 $2 (45. Nd7 Rc8 46. Rb8 $1 Rxb8
47. Nxb8 Bb7 48. Nd7 Bc6 49. Nf6 $18) 45... Ra5 46. Nxd5 Rxd5 $14 47. Rd2 Kf8
48. Kg3 Ke7 49. Kf3 Ra5 50. Rd3 Ra1 51. Rb3 Rh1 52. Ke4 Re1+ 53. Re3 Rf1 54.
Rd3 Re1+ 55. Kf3 Rf1+ 56. Kg3 Rg1+ 57. Kf2 Rh1 58. d5 exd5 59. f5 gxf5 60. gxf5
d4 61. Ra3 Rc1 62. Ra7+ Ke8 63. f6 Rc5 64. Re7+ Kf8 65. Ke2 Rc3 66. h4 h5 67.
Kd2 Re3 68. Kc2 Rc3+ 69. Kd1 Re3 70. Kd2 Kg8 71. Kc2 1/2-1/2

[Event "Interzonal-16"]
[Site "Biel"]
[Date "1993.??.??"]
[Round "3"]
[White "Shirov, Alexei"]
[Black "Hjartarson, Johann"]
[Result "1/2-1/2"]
[WhiteElo "2685"]
[BlackElo "2605"]
[Annotator "Hjartarson,J"]
[PlyCount "69"]
[EventDate "1993.07.16"]
[EventType "swiss"]
[EventRounds "13"]
[EventCountry "SUI"]
[SourceTitle "CBM 037"]
[Source "ChessBase"]
[SourceDate "1993.12.01"]
[SourceVersion "1"]
[SourceVersionDate "1993.12.01"]
[SourceQuality "1"]

1. e4 c5 2. Nf3 e6 3. d4 cxd4 4. Nxd4 a6 5. Nc3 Qc7 6. Bd3 Nf6 7. f4 d6 8. Qf3
b5 9. g4 Bb7 10. g5 Nfd7 11. O-O $5 (11. h4) (11. Be3) 11... g6 $1 (11... b4
12. Nce2 Nc5 13. Bd2 $1 d5 14. e5 Ne4 15. Be1 $14) 12. f5 $6 (12. Be3) 12...
Bg7 (12... exf5 $6 13. Qe3 $1 (13. Qe2 f4 $1 $13) 13... Ne5 (13... fxe4 $2 14.
Bxe4 Ne5 15. Nd5 Bxd5 16. Bxd5 Ra7 17. Bxf7+ $18) (13... f4 14. Qxf4 Nc5 15.
Qf6 $16) 14. exf5 Nbd7 15. Be4 $16) (12... gxf5 13. Qh5 Nc5 (13... Bg7 $2 14.
Nxe6 Qb6+ 15. Kg2 $18) 14. exf5 e5 $1 15. Re1 $13 (15. Ne6 Qc6 16. Nd5 Nxe6 17.
fxe6 Qxd5 18. Qxf7+ Kd8 $19)) 13. Qf2 (13. Be3 $2 exf5) 13... Bxd4 $8 (13...
Nc5 $2 14. fxe6 fxe6 15. Bxb5+ $1 axb5 16. Ndxb5 Qd7 17. Nxd6+ Qxd6 18. Qf7+
Kd8 19. Qxg7 $18) 14. Qxd4 Qc5 15. Qxc5 (15. Be3 $6 Qxd4 16. Bxd4 O-O $10 {
/\ Nc6 ><e5}) 15... Nxc5 16. b4 (16. Be3 Nc6 $10) 16... Nxd3 17. cxd3 Nd7 (
17... Nc6 $10) 18. Bf4 e5 19. Be3 f6 $1 (19... O-O 20. f6 Rfc8 21. Rac1 $14)
20. fxg6 hxg6 21. gxf6 Kf7 $44 22. Nd5 $6 (22. Rac1 {/\} Rh3 23. Nd1) 22... Rh3
23. Bg5 Bxd5 24. exd5 Nb6 $15 (24... Rxd3 25. Rac1 Rxd5 26. Rc7 $44) 25. d4 e4
26. Rac1 Nxd5 (26... Nc4 $5 27. Rce1 Re8 28. Rf4 e3 $15) 27. Rc6 $10 Ke6 28. f7
Rf8 29. Rxa6 Rxf7 30. Rxf7 Kxf7 31. Rxd6 Nxb4 32. d5 Rd3 33. Rd7+ Ke8 34. Rd8+
Kf7 35. Rd7+ 1/2-1/2

[Event "Groningen PCA"]
[Site "Groningen"]
[Date "1993.??.??"]
[Round "6"]
[White "Hjartarson, Johann"]
[Black "Van Wely, Loek"]
[Result "1/2-1/2"]
[WhiteElo "2605"]
[BlackElo "2585"]
[Annotator "Hjartarson,J"]
[PlyCount "96"]
[EventDate "1993.12.??"]
[EventType "swiss"]
[EventRounds "11"]
[EventCountry "NED"]
[SourceTitle "CBM 039"]
[Source "ChessBase"]
[SourceDate "1994.04.01"]
[SourceVersion "1"]
[SourceVersionDate "1994.04.01"]
[SourceQuality "1"]

1. e4 c5 2. Nf3 d6 3. d4 cxd4 4. Nxd4 Nf6 5. Nc3 a6 6. f4 e6 7. Qf3 Qb6 8. a3
Nc6 9. Nxc6 bxc6 10. b3 (10. g4 g6 11. g5 Nd7 12. b3 Bg7 $6 (12... h6 $13) 13.
Bb2 O-O 14. O-O-O d5 15. h4 $16 {Short,N-Smirin Debrecen EU chT 1992-I 56/249})
10... Be7 $5 (10... Bb7 11. Bb2 c5 12. O-O-O O-O-O $1 (12... Be7 13. g4 (13.
Bc4 $5 O-O-O 14. Qh3 $14) 13... d5 14. g5 Nxe4 15. Nxe4 dxe4 16. Qc3 Qc7 17.
Qxg7 Qxf4+ 18. Kb1 Rf8 19. Rg1 $44 {Adams,M-Polugaevski,L France chT 1992- I
55/246}) 13. Bc4 Qc6 $1 {/\d5} 14. Qh3 Kc7 (14... Kb8 $2 15. Rhe1 d5 16. exd5
exd5 17. Nxd5 Nxd5 18. Re5 $16) (14... Nxe4 $4 15. Bd5 $18) 15. e5 Nd7 16.
exd6+ Bxd6 17. f5 Nb6 $1 18. fxe6 Bf4+ 19. Kb1 Nxc4 20. Qf5 (20. bxc4 Qxe6 $15)
20... Nd2+ 21. Ka2 Bh6 22. Qxf7+ Kb8 23. Rhe1 c4 $1 $17 {Anand,W-Polugaevski,L
France chT 1993 I-58/269}) 11. Bb2 e5 12. fxe5 dxe5 13. Na4 Qc7 $6 (13... Qa5+
14. Bc3 Qc7 {xa3} 15. Bc4 O-O 16. O-O a5 17. Kh1 Ba6 18. Bxa6 Rxa6 19. Qf5 (19.
Nb2 $14) 19... g6 20. Qf3 $14 {Almazi-Rasik, Deutschland 1993 (Mitropa Cup)})
14. Bc4 O-O 15. O-O Re8 $2 (15... a5 16. Kh1 Ba6 17. Bxa6 Rxa6 18. Qe2 Raa8 19.
Rf5 $14) 16. Qg3 $16 Bd8 $8 17. Rad1 $1 Qa7+ (17... Nxe4 $2 18. Rxf7 $18) (
17... Be6 $2 18. Bxe5 Qa7+ 19. Bd4 $18) 18. Kh1 Be6 (18... Nxe4 $2 19. Qxe5 $18
) 19. Bxe6 Rxe6 20. Bxe5 Nh5 21. Qd3 $18 Bf6 (21... Rxe5 22. Qxd8+ Re8 23. Qg5
g6 24. Nc5 $18) 22. Bd4 $1 Bxd4 23. Qxd4 Qc7 24. Nc5 Rh6 25. Kg1 Nf6 26. e5 Rh5
27. Rfe1 (27. exf6 $2 Qxh2+ 28. Kf2 Rf5+) 27... h6 28. b4 Ne8 29. Qf4 (29. Qd7
$1 Rxe5 30. Rxe5 Qxe5 31. Qxc6 $18) 29... Nf6 30. c4 a5 31. g3 $2 (31. Qd4 $18)
31... axb4 32. axb4 Rg5 $1 33. Qd4 $2 $138 (33. Nd3 $16) 33... Ng4 $132 34. Qd6
$2 (34. Nd7) 34... Qb6 $13 35. e6 fxe6 36. Qxe6+ Kh8 37. Re2 Nf6 38. Qd6 Qxb4
39. Ne6 Qxc4 40. Rb2 Rd5 $15 41. Rb8+ Rxb8 42. Qxb8+ Ng8 43. Rxd5 Qxd5 (43...
cxd5 44. Qd6 $10) 44. Qe8 $10 Qd1+ (44... c5 45. Qf7 Qe5 46. Nf8 $10) 45. Kg2
Qc2+ 46. Kg1 Qb1+ 47. Kg2 Qe4+ 48. Kg1 Qb1+ 1/2-1/2

[Event "Bundesliga 9293"]
[Site "Germany"]
[Date "1993.??.??"]
[Round "?.3"]
[White "Hjartarson, Johann"]
[Black "Fahnenschmidt, Gerhard"]
[Result "1-0"]
[WhiteElo "2625"]
[BlackElo "2365"]
[Annotator "Hjartarson,J"]
[PlyCount "77"]
[EventDate "1992.10.24"]
[EventType "team-tourn"]
[EventRounds "15"]
[EventCountry "GER"]
[SourceTitle "CBM 038"]
[Source "ChessBase"]
[SourceDate "1994.02.01"]
[SourceVersion "1"]
[SourceVersionDate "1994.02.01"]
[SourceQuality "1"]
[WhiteTeam "Bayern Muenchen"]
[BlackTeam "Sindelfingen"]
[WhiteTeamCountry "GER"]
[BlackTeamCountry "GER"]

1. e4 c5 2. Nf3 d6 3. d4 cxd4 4. Nxd4 Nf6 5. Nc3 a6 6. f4 e6 7. Qf3 Qb6 8. a3
$5 (8. Nb3) 8... Be7 (8... Nc6 9. Nb3 (9. Nxc6 $5 bxc6 10. g4 (10. b3 Bb7 11.
Bb2 c5 12. O-O-O Be7 13. g4 (13. Bd3 $14 O-O 14. Qe2 $14) 13... d5 14. g5 Nxe4
15. Nxe4 dxe4 16. Qc3 $44 {Adams-Polugaevskij, France 1992}) 10... g6 11. g5
Nd7 12. b3 Bg7 13. Bb2 O-O 14. O-O-O d5 15. h4 $14 {Short-Smirin Tilburg 1992})
9... Qc7 10. Bd3 g6 $1 (10... Be7 11. Bd2 (11. g4 $1 {see text}) 11... O-O 12.
O-O b5 13. Rae1 b4 14. Nd5 $1 exd5 15. exd5 $44 Bg4 16. Qg3 Nxd5 17. Qxg4 Nf6
18. Qh3 $14 {Tal-Zajcik, Tbilisi 1988}) 11. O-O (11. Bd2 Bg7 12. g4 $6 (12. O-O
) 12... b5 13. g5 Nd7 14. Qf2 Nb6 15. Qe2 Na4 $17 {Lutz-Van Wely, Debrecen EU
chT 1992}) 11... Bg7 12. Bd2 {"!N Kasparov"} (12. Be3 O-O 13. Rae1 b5 14. e5 $2
(14. Qh3 $13) 14... dxe5 15. Bc5 Bb7 $1 16. Bxf8 Rxf8 17. Qe3 Bh6 $1 $17 {
De Firmian-Polugaevskij, Biel 1990}) 12... O-O 13. Nd1 $6 (13. Rae1 b5 14. Nd1
$5 $13) 13... e5 14. Ne3 exf4 15. Qxf4 Be6 16. Qh4 Qd8 $1 $15 {Short-Kasparov,
Debrecen EU chT 1992}) (8... h5 $6 9. Nb3 (9. Be3 $2 Ng4 $1 10. Bg1 Qxb2 $17)
9... Nbd7 10. Bd3 Qc7 11. Bd2 b5 12. O-O-O Bb7 13. Rhe1 Be7 14. Kb1 $16 {
xh5 Chandler-Suba, England 1992}) (8... Nbd7 9. Nb3 (9. Be2 $5 Nc5 10. e5 $40)
9... Qc7 10. g4 h6 11. h4 h5 12. g5 Ng4 13. Bd2 b5 14. O-O-O Bb7 15. Kb1 Rc8
16. Be2 g6 17. Rhe1 Bg7 18. Qg3 $14 {Adams-Smirin, Tilburg 1992}) (8... g6 $6
9. Be2 $1 Bg7 10. Be3 Qc7 (10... Qxb2 $2 11. Kd2 $18) 11. O-O-O O-O 12. g4 Nc6
13. f5 $1 $16 {De Firmian-Judasin, Manila izt 1992}) 9. Bd3 Nc6 (9... Nfd7 $6
10. Be3 $1 Nc5 (10... Qxb2 $2 11. Kd2 Qb6 12. Nxe6 $18) 11. O-O-O Nxd3+ 12.
Rxd3 Qc7 13. Nf5 $1 exf5 14. Nd5 Qd7 15. Nb6 Qe6 16. Nxa8 $18 {
Hardicsay-Rudiger, Budapest 1990}) 10. Nb3 Qc7 11. g4 h6 (11... b5 12. g5 Nd7
13. h4 $40) 12. h4 h5 $5 (12... b5 13. g5 Nd7 14. g6 $5 (14. Be3 Bb7 15. O-O-O
$14) 14... fxg6 15. e5 $44) 13. g5 Ng4 14. Be2 $1 b5 15. Qg2 b4 16. axb4 Nxb4
17. Bxg4 hxg4 18. Rh2 $1 Rb8 $8 19. Qxg4 Nxc2+ 20. Rxc2 Rxb3 21. h5 $14 Bb7 (
21... e5 22. Qe2 $16) 22. Qe2 Qd7 23. Be3 e5 24. O-O-O exf4 (24... Qh3 $5 25.
fxe5 (25. g6 $5 O-O (25... Qxh5 $2 26. Qc4 $18) 26. Bd2 $16 {/\Qc4}) 25... dxe5
26. h6 O-O 27. g6 $1 fxg6 (27... gxh6 28. Rg1 $16) 28. Qc4+ Kh7 29. Qxb3 Qxe3+
30. Rcd2 $16) 25. Bxf4 Qe6 26. h6 $16 gxh6 27. gxh6 Rb4 28. Rcd2 d5 $2 (28...
Rxh6 29. Bxh6 Qxh6 30. Kb1 Bf6 31. Nd5 $16) 29. exd5 Qxe2 30. Rxe2 $1 (30. Nxe2
$2 Kd7 $44) 30... Kd7 31. d6 Bf8 32. Re7+ $1 $18 Kd8 (32... Bxe7 33. dxe7+ Ke6
(33... Kc8 34. Bg5 $18) (33... Kc6 34. Rd8 $18) 34. Rd8 Rxf4 35. Rxh8 Kxe7 36.
h7 Rh4 37. Rb8 $18) 33. Be5 Bxh6+ 34. Kb1 Rf8 35. Bf6 Rf4 36. Rxb7+ Rxf6 37. d7
Bf4 $8 38. Nd5 Rd6 39. Rb8+ 1-0

[Event "ISL-ch playoff"]
[Site "Reykjavik"]
[Date "1995.??.??"]
[Round "3"]
[White "Stefansson, Hannes"]
[Black "Hjartarson, Johann"]
[Result "0-1"]
[WhiteElo "2520"]
[BlackElo "2570"]
[Annotator "Hjartarson,J"]
[PlyCount "156"]
[EventDate "1995.??.??"]
[EventType "match"]
[EventRounds "6"]
[EventCountry "ISL"]
[SourceTitle "CBM 051"]
[Source "ChessBase"]
[SourceDate "1996.04.01"]
[SourceVersion "1"]
[SourceVersionDate "1996.04.01"]
[SourceQuality "1"]

1. e4 c5 2. Nf3 d6 3. d4 cxd4 4. Nxd4 Nf6 5. Nc3 a6 6. f4 e6 7. Bd3 Qc7 8. O-O
b5 9. Kh1 (9. Qe2 Bb7 10. Kh1 Nbd7 11. Bd2 Be7 12. Rae1 Nc5 13. b4 Nxd3 14.
cxd3 O-O 15. Rc1 Qd7 $10 {Glek,I-Lutz,Ch/BL9293}) 9... b4 $6 (9... Bb7 10. Qf3
$14) 10. Na4 Bb7 11. Qe2 Nbd7 12. b3 $14 Be7 (12... Nc5 13. Nxc5 dxc5 14. Nf3
Be7 15. Bb2 $16) 13. a3 bxa3 14. Bxa3 g6 $1 (14... O-O $2 15. e5 Ne8 16. f5 $16
) 15. Qe3 (15. f5 $6 gxf5 16. exf5 e5 17. Nf3 Rg8 $132) 15... e5 16. Ne2 exf4
17. Nxf4 O-O 18. Bb2 Ne5 (18... Rfe8 19. Qd4 $14) 19. Nb6 Rab8 20. Nbd5 Nxd5
21. Nxd5 Bxd5 22. exd5 a5 23. Qd2 Rb4 $1 24. Bc3 $2 (24. Ra3 Rc8 $10) 24... Bg5
$1 25. Qxg5 Qxc3 $15 26. Qf6 Qc5 27. Be2 $8 Qxd5 (27... Qxc2 $6 28. Qxd6 $1
Qxe2 29. Rfe1 Qb5 30. Qxe5 Rxb3 31. d6 $10) 28. Rad1 Rd4 29. Bf3 Qc5 30. c4
Nxf3 31. Qxf3 Rxd1 32. Rxd1 Re8 33. h3 Re3 34. Qd5 Qb6 (34... Rxb3 $2 35. Qxd6
Qxc4 36. Qd8+ $10) 35. Rf1 (35. Qxd6 $4 Re1+ $19) 35... Qc7 36. Rd1 Re6 37. Qb5
Re5 38. Qa6 Qc5 39. Qb7 Kg7 40. Rf1 Rf5 41. Rd1 (41. Rxf5 $2 Qxf5 $19) 41...
Qe3 42. Qb8 Qg3 43. Qb6 Re5 44. Qd4 Kg8 45. Qd2 h5 46. b4 $1 axb4 47. Qxb4 Re2
48. Rg1 Qe5 $6 (48... Rc2 $17) 49. Qb1 g5 50. Rf1 Qe6 51. Qf5 Re5 52. Qxe6 $2 (
52. Qd3 Kg7 $15) 52... fxe6 $19 53. Rd1 d5 54. cxd5 exd5 55. Kg1 Kf7 56. Kf2
Ke6 57. Kf3 Re4 58. Ra1 Rb4 59. Ra3 (59. Ra8 Rb3+ 60. Kf2 h4 61. Re8+ Kd6 62.
Rd8+ Ke5 63. Re8+ Kd4 64. Rg8 Rg3 $19) 59... Ke5 60. Rd3 Rf4+ 61. Ke2 Rc4 62.
Ra3 Rc2+ 63. Kf3 Kd4 64. Ra8 Rc3+ 65. Kf2 h4 66. Ra4+ Rc4 67. Ra5 Ke4 68. Ra8
Rc2+ 69. Kf1 Rc3 70. Re8+ Kd4 71. Re2 Re3 72. Rd2+ Ke4 73. Ra2 d4 74. Ra5 Rg3
75. Ra2 d3 76. Ke1 Kd4 (76... Ke3 $2 77. Re2+) 77. Kd1 Ke3 78. Ke1 g4 (78... g4
79. hxg4 h3 $19 80. gxh3 Rg1#) 0-1

[Event "Copenhagen Open-03 (Politiken Cup-02)"]
[Site "Copenhagen"]
[Date "1981.06.30"]
[Round "10"]
[White "Schneider, Lars Ake"]
[Black "Jansa, Vlastimil"]
[Result "0-1"]
[WhiteElo "2410"]
[BlackElo "2495"]
[Annotator "Jansa,V"]
[PlyCount "74"]
[EventDate "1981.06.20"]
[EventType "swiss"]
[EventRounds "10"]
[EventCountry "DEN"]
[SourceTitle "EXT 2000"]
[Source "ChessBase"]
[SourceDate "1999.11.16"]
[SourceVersion "1"]
[SourceVersionDate "1999.11.16"]
[SourceQuality "1"]

1. e4 c5 2. Nf3 d6 3. d4 cxd4 4. Nxd4 Nf6 5. Nc3 e6 6. f4 Be7 7. Qf3 O-O 8. Be3
e5 9. Nf5 Bxf5 10. exf5 Qa5 11. Bd3 $2 Nc6 12. O-O d5 13. fxe5 Nxe5 14. Qg3 Bc5
$1 15. Kh1 Bxe3 16. Qxe3 Rfe8 17. Qd4 Nc6 18. Qa4 Qxa4 19. Nxa4 Nb4 $1 20. Nc5
$2 (20. Rfe1 $142) 20... Nxc2 $1 (20... b6 21. Nb3 Nxd3 22. cxd3 Re2 23. Rab1)
21. Bxc2 Rec8 22. Nxb7 Rxc2 23. b3 (23. b4 Rb8 24. Rfc1 Rxc1+ 25. Rxc1 Ne8 (
25... h5 26. Rc7 d4 $1)) 23... h5 $1 24. Rfc1 (24. h3 $2 Rb8 25. Na5 Rb5) 24...
Rac8 25. Rxc2 Rxc2 26. h3 Ne4 27. Kh2 (27. Kg1 d4 28. Rd1 Nc3 $1) 27... h4 $1
28. Rd1 Ng3 29. a4 Nxf5 30. Rxd5 Ne3 31. Ra5 Nxg2 32. Rxa7 Nf4+ 33. Kh1 Rc1+
34. Kh2 Rc2+ 35. Kh1 Nxh3 36. Nd8 Ng5 37. Ra5 Nf3 0-1

[Event "EU-chT (Men) 15th"]
[Site "Gothenburg"]
[Date "2005.08.04"]
[Round "6.1"]
[White "Kotronias, Vasilios"]
[Black "Kortschnoj, Viktor Lvovich"]
[Result "1-0"]
[WhiteElo "2587"]
[BlackElo "2615"]
[Annotator "Kortschnoj,V"]
[PlyCount "79"]
[EventDate "2005.07.30"]
[EventType "team-swiss"]
[EventRounds "9"]
[EventCountry "SWE"]
[SourceTitle "CBM 109"]
[Source "ChessBase"]
[SourceDate "2005.11.14"]
[SourceVersion "1"]
[SourceVersionDate "2005.11.14"]
[SourceQuality "1"]
[WhiteTeam "Greece"]
[BlackTeam "Switzerland"]
[WhiteTeamCountry "GRE"]
[BlackTeamCountry "SUI"]

1. e4 c5 2. Nf3 e6 3. d4 cxd4 4. Nxd4 Nc6 5. Nc3 d6 6. Be3 Nf6 7. f4 Be7 8. Qf3
e5 9. Nxc6 bxc6 10. f5 d5 11. exd5 Bb4 $5 {A novelty. Black is ready to
sacrifice one-two pawns, but to be the first to create threats to the enemy's
king.} 12. Bd2 {Played the most timid, nonpretentious way - this is not how
novelties are to be refuted.} ({I think, if a refutation exists it should be} 
12. dxc6 Bxc3+ 13. bxc3 Qa5 {and now 14.Bd2, 14.Bg5 or even 14.0-0-0.} {
By the way, after} 14. O-O-O {wrong is} Qxc3 15. Rd8+ $1 Ke7 16. Rd3 Qa1+ 17.
Kd2 e4 18. Qg3 {with winning attack.}) 12... O-O (12... Nxd5 13. O-O-O Bxc3 14.
Bxc3 O-O 15. Bxe5 Qg5+ 16. Rd2 Bxf5 17. Qg3 $14) 13. O-O-O (13. dxc6 e4 14. Qe3
Ng4 15. Qf4 e3 16. O-O-O Nf2 {unclear.}) 13... cxd5 14. Nxd5 e4 $1 {Very
important zwischenzug.} 15. Nxf6+ Qxf6 16. Qe3 (16. Qxe4 $2 Ba3 17. c3 Rb8 18.
bxa3 Bxf5 $19) 16... Bxd2+ 17. Rxd2 Rb8 18. Rd4 (18. Qd4 $5) 18... Qb6 19. b3
Bxf5 20. Bc4 Rbd8 21. Rhd1 Bg6 {Black is playing passively. Soon, as we will
see, most of the central squares will be captured by white.} ({Instead he
could continue} 21... Rfe8 22. Kb2 Kf8) ({or} 21... Rxd4 22. Qxd4 (22. Rxd4 Re8
$11) 22... Qh6+ 23. Kb2 Qxh2 24. Qxa7 h5 {with a double-edged position.}) 22.
Kb2 Bh5 {Black is speculating on the pin Qb6-Rd4-Qe3, trying to hamper white's
regrouping of pieces. Without a big success, however.} 23. R1d2 Rde8 24. h3 $1
Kh8 25. g4 $16 Bg6 26. Qf4 $6 (26. Qc3 {was stronger. And in case of} Rd8 {
to answer} 27. Rd7) 26... f5 {Without this move black hardly can get any
active play. But on the other hand, the move seriously weakens the black king
side location.} 27. Rd6 (27. Rd7 {would be wrong here:} fxg4 28. Qxg4 Qf6+ 29.
Kb1 ({or} 29. R7d4 e3 30. Rd1 Re4 31. Qd7 e2 $19) 29... Bf5 $19) 27... Qb8 28.
R2d5 fxg4 $2 {Bad move.} ({After} 28... e3 {black would have had about equal
chances. It might have happened, black was afraid of} 29. Qd4 {but} Re4 $1 {
would complicate the matters for white:} 30. Qc3 (30. Qd1 $2 Rxc4) 30... e2 31.
Rd7 Bf7 32. Bxe2 Rxe2 33. Rxf5 (33. gxf5 $5) 33... Qe8 34. Qc7 (34. Rxa7 Re7)
34... Bg6 $1 {black repels the assault.}) 29. Qxg4 Bf5 30. Qh4 Qc7 ({Coming to
this position, I was going to play} 30... Be6 31. Rh5 {or} Bf5 {In both cases
white stood better. For instance} (31... Qxd6 32. Rxh7+ Kg8 {Suddenly I saw}
33. Qh5 $1 {After} Qd4+ 34. Ka3 (34. c3 $4 Rf2+ 35. Ka3 Qd6+ 36. b4 Qa6+ $1 {
mating}) 34... Qd6+ 35. b4 Rf3+ 36. Bb3 {black has nothing to do, but to give
up the rook e8 (36...Kf8)}) ({Still, black could play 30...Be6, but then} 31...
Bg8 $5) 32. Rd5 {(33.Rxh7+ threatens)} Re5 33. Rd7 {and so on.}) 31. Bb5 {
White is going to win the pawn e4. The move is directed to deprive the pawn of
its natural defence.} Rc8 (31... Re7 32. Rc6 Qb7 33. Ba6 Qxc6 34. Qxe7 Qa8 35.
Bb7 Qb8 36. Rb5 $1 {winning.}) 32. c4 e3 {The last, desperate attempt - at the
moment the white pieces are awkwardly located.} 33. Qd4 e2 34. Qe3 $2 ({
The computer points out} 34. Re5 {winning the pawn.}) 34... Bxh3 $4 ({And the
same computer gives} 34... Be4 $1 {already with advantage to black! The point
is} 35. Qxe4 Rf2 36. Rd2 Qxd6 {and black is winning. Well, the move 34...Be4
has not been seen by both players...}) 35. Qxe2 {In spite of material
equilibrium, the black position is hardly possible to hold.} Qf7 36. Ka3 Rb8
37. Qe3 Bf5 38. Re5 Rb7 39. Bc6 Qc7 (39... Rb6 40. Re7 Qh5 41. Rxa7 $18) (39...
Rc7 40. Bd5 Qh5 41. Be6 g6 42. Qd4 Rg7 43. Rd8 $18) 40. Rxf5 $1 1-0

[Event "Olympiad-32"]
[Site "Yerevan"]
[Date "1996.09.21"]
[Round "6.1"]
[White "Polgar, Judit"]
[Black "Lautier, Joel"]
[Result "1/2-1/2"]
[WhiteElo "2665"]
[BlackElo "2620"]
[Annotator "Lautier,J"]
[PlyCount "77"]
[EventDate "1996.09.15"]
[EventType "team-swiss"]
[EventRounds "14"]
[EventCountry "ARM"]
[SourceTitle "CBM 055"]
[Source "ChessBase"]
[SourceDate "1996.12.01"]
[SourceVersion "1"]
[SourceVersionDate "1996.12.01"]
[SourceQuality "1"]
[WhiteTeam "Hungary"]
[BlackTeam "France"]
[WhiteTeamCountry "HUN"]
[BlackTeamCountry "FRA"]

1. e4 c5 2. Nf3 d6 3. d4 cxd4 4. Nxd4 Nf6 5. Nc3 a6 6. f4 Qc7 7. Nf3 e6 8. Bd3
Nc6 9. O-O Be7 10. Qe1 Nb4 11. e5 Nxd3 12. cxd3 Nd5 13. Bd2 $146 (13. Qg3 O-O
14. f5 $2 dxe5 $1 15. Bh6 Bf6 16. Ne4 (16. Nxd5 exd5 17. Bxg7 $2 Bxg7 18. f6
Qb6+ 19. Nd4 Qxd4+ 20. Kh1 Qg4 $19) 16... Qb6+ 17. Kh1 exf5 18. Nxf6+ Qxf6 19.
Bg5 Qb6 $17) (13. Nxd5 exd5 14. Qg3 O-O $10) 13... O-O 14. Qg3 (14. Ne4 Bd7 $36
{/\ Bb5}) (14. Rc1 Nxc3 15. Bxc3 dxe5 $10) (14. Nxd5 exd5 15. Ba5 Qc5+ $1 (
15... Qd7 16. Rc1 dxe5 17. Rc7 $14 {/\ Ne5}) 16. d4 Qb5 17. Bb4 Re8 $1 $10 {
/\ Bf5}) 14... Nxc3 (14... Qb6+ $6 15. Kh1 Qxb2 $2 16. f5 $1 $16) (14... dxe5
$5 15. fxe5 Nxc3 16. bxc3 f5 $1 17. exf6 Qxg3 18. hxg3 Bxf6 $10) 15. Bxc3 (15.
bxc3 f6 $5 $10 (15... dxe5 $5 16. fxe5 f5 $10)) 15... f6 $1 {/\ de5, f5} 16. d4
Bd7 17. Rac1 $6 (17. Kh1 $142) 17... Qb6 18. Kh1 Bc6 $6 (18... Bb5 $1 19. Rfe1
Bc4 $15) 19. f5 $1 Bd5 $1 (19... exf5 $2 20. exd6 $36) (19... dxe5 $6 20. dxe5
exf5 (20... Bxf3 21. Rxf3 exf5 22. Rxf5 Qe6 23. Qg4 $1 $36 fxe5 $2 24. Rxf8+
$18) 21. Nd4 $1 $36) 20. fxe6 Bxe6 21. a3 $1 (21. Rce1 $2 Bxa2 $17) 21... Rae8
22. Rfe1 (22. d5 $2 Bxd5 23. exf6 Bxf6 24. Ng5 Qc6 $1 {(J.Polgar)} (24... Bxc3
$2 25. Qd3 $1) 25. Bxf6 Rxf6 26. Rfd1 Qb5 $1 $17) 22... Bd5 23. Re2 $1 {/\ Rce1
} Bc4 (23... Qb5 $2 24. Rce1 (24. exf6 $5 Bxf6 25. Rxe8 Rxe8 26. Qxd6 $14)
24... Bxf3 25. gxf3 fxe5 26. dxe5 $16) (23... Bxf3 $6 24. Qxf3 fxe5 25. Qd5+
Kh8 26. dxe5 $14) 24. Re4 {/\ Rg4} f5 25. Ree1 Bd5 26. Bb4 dxe5 (26... Bxf3 $6
27. exd6 $1 $36) 27. Rxe5 (27. Qxe5 Bxf3 28. Bxe7 Be4 $10) 27... Bxb4 28. Rxd5
Be7 29. b4 Rd8 (29... Bf6 $142 30. Rxf5 (30. Rd6 $6 Qb5 {/\ Qd3}) 30... Bxd4
$10) 30. Qe5 $1 Bf6 31. Qxf5 Bxd4 32. Rxd8 Qxd8 $1 $8 (32... Rxd8 $4 33. Ng5
Qg6 34. Qd5+ $1 $18) 33. Qe4 (33. Qe6+ Kh8 34. Rd1 Qf6 $1 35. Qe4 Bb2 $10)
33... Bb2 34. Rb1 Bf6 $1 35. Qxb7 Qd3 36. Re1 h6 $1 $138 (36... Qxa3 $4 37.
Qd5+ Kh8 38. Qf7 $1 Qxb4 39. Re8 Qb1+ (39... Be7 40. Qxe7 $18) 40. Ng1 $18) 37.
a4 Bc3 38. Rc1 (38. Rg1 Bxb4 $1 39. Qxb4 Rxf3 40. gxf3 Qxf3+ 41. Rg2 Qf1+ $10)
38... Bxb4 $1 39. Qxb4 (39. Qxb4 Rxf3 40. gxf3 (40. Rc8+ $2 Kh7 41. gxf3 $2
Qf1#) 40... Qxf3+ 41. Kg1 Qe3+ $10) 1/2-1/2